[Event "Interclubs Adultes"]
[Site "CLICHY"]
[Date "15.??.??"]
[Round "8.2"]
[White "Winants, Luc"]
[Black "Dumitrache, Dragos-Nicolae"]
[Result "1-0"]
[WhiteElo "2525"]
[BlackElo "2495"]
[PlyCount "58"]
[EventDate "15.??.??"]
[WhiteTeam "Cappelle la Grande"]
[BlackTeam "Guingamp"]

1. d4 d5 2. c4 c6 3. e3 Nf6 4. Bd3 e5 5. Nc3 e4 6. Bc2 Bb4 7. Bd2 Bxc3 8. Bxc3
dxc4 9. Ne2 Be6 10. Ng3 Bd5 11. f3 exf3 12. gxf3 a5 13. e4 Be6 14. Qd2 b5 15.
a3 Nbd7 16. O-O Bh3 17. Rfe1 h5 18. Kh1 h4 19. Ne2 Nh5 20. Rg1 Qf6 21. f4 Qh6
22. Qe3 Be6 23. d5 cxd5 24. exd5 Ng3+ 25. Kg2 Qh5 26. dxe6 Nxe2 27. exd7+ Kxd7
28. Rad1+ Kc8 29. Be5 h3+ 1-0

[Event "Interclubs Adultes"]
[Site "CLICHY"]
[Date "15.??.??"]
[Round "8.3"]
[White "Terrieux, Kevin"]
[Black "Jossien, Arnaud"]
[Result "0-1"]
[WhiteElo "2363"]
[BlackElo "2379"]
[PlyCount "36"]
[EventDate "15.??.??"]
[WhiteTeam "Guingamp"]
[BlackTeam "Cappelle la Grande"]

1. d4 e6 2. e4 d5 3. Nc3 Nf6 4. e5 Nfd7 5. f4 c5 6. Nf3 Nc6 7. Be3 Be7 8. Qd2
O-O 9. O-O-O c4 10. f5 b5 11. fxe6 fxe6 12. Nxb5 Rb8 13. Nd6 Bxd6 14. exd6 Nb4
15. Kb1 Nf6 16. Qc3 Ne4 17. Qa3 Rb6 18. Kc1 Qxd6 0-1

[Event "Interclubs Adultes"]
[Site "CLICHY"]
[Date "15.??.??"]
[Round "8.4"]
[White "Carlier, Bruno"]
[Black "Alanic, Xavier"]
[Result "1-0"]
[WhiteElo "2401"]
[BlackElo "2284"]
[PlyCount "115"]
[EventDate "15.??.??"]
[WhiteTeam "Cappelle la Grande"]
[BlackTeam "Guingamp"]

1. Nf3 g6 2. d4 Bg7 3. e4 c6 4. Bd3 d5 5. e5 Nh6 6. c3 O-O 7. h3 c5 8. Bf4 f6
9. Qd2 Nf7 10. exf6 Bxf6 11. h4 e5 12. dxe5 Re8 13. Na3 Nc6 14. O-O-O Ncxe5 15.
Nxe5 Nxe5 16. Bxe5 Rxe5 17. f4 Re7 18. Bc4 Kg7 19. Qxd5 Qxd5 20. Rxd5 Bf5 21.
h5 b6 22. h6+ Kf8 23. Rd6 Bh8 24. Rhd1 Bg4 25. Rd8+ Re8 26. Rxe8+ Rxe8 27. Rd6
Ke7 28. Rd3 a6 29. Bd5 Rd8 30. Nc4 b5 31. Ne5 Bxe5 32. fxe5 c4 33. Rd4 Bc8 34.
g3 Rf8 35. Rf4 Rd8 36. Rf7+ Ke8 37. Rxh7 Rxd5 38. Rh8+ Kd7 39. Rg8 Rxe5 40. h7
Rh5 41. h8=Q Rxh8 42. Rxh8 Kc7 43. Kd2 Bf5 44. Ke3 Kb6 45. Kd4 Bb1 46. a3 Bc2
47. Rf8 Ka5 48. Rf6 Bf5 49. Kc5 Bd3 50. Re6 Bf5 51. Rd6 Bd3 52. g4 Bc2 53. g5
Be4 54. a4 Kxa4 55. Rxa6+ Kb3 56. Kxb5 Bd3 57. Rc6 Kxb2 58. Kb4 1-0

[Event "Interclubs Adultes"]
[Site "CLICHY"]
[Date "15.??.??"]
[Round "8.5"]
[White "De Sousa, Jose-Claude"]
[Black "Jossien, Remy"]
[Result "1/2-1/2"]
[WhiteElo "2297"]
[BlackElo "2278"]
[PlyCount "45"]
[EventDate "15.??.??"]
[WhiteTeam "Guingamp"]
[BlackTeam "Cappelle la Grande"]

1. e4 d6 2. d4 g6 3. Nc3 Bg7 4. Be3 e6 5. f4 Ne7 6. Nf3 a6 7. Bd3 h6 8. O-O Nd7
9. Qe1 b5 10. a4 b4 11. Ne2 a5 12. f5 exf5 13. exf5 g5 14. Ng3 Nf6 15. c3 bxc3
16. bxc3 O-O 17. h4 gxh4 18. Nxh4 Ned5 19. Bd2 c5 20. Ne4 cxd4 21. Qg3 Kh7 22.
cxd4 Ba6 23. Qh3 1/2-1/2

[Event "Interclubs Adultes"]
[Site "CLICHY"]
[Date "15.??.??"]
[Round "8.6"]
[White "Marchyllie, Bruno"]
[Black "Bodenez, Vincent"]
[Result "0-1"]
[WhiteElo "2164"]
[BlackElo "2175"]
[PlyCount "72"]
[EventDate "15.??.??"]
[WhiteTeam "Cappelle la Grande"]
[BlackTeam "Guingamp"]

1. e4 c5 2. Nf3 d6 3. Bb5+ Bd7 4. Bxd7+ Qxd7 5. O-O Nf6 6. Re1 Nc6 7. c3 e6 8.
d4 cxd4 9. cxd4 d5 10. e5 Ne4 11. Nbd2 Nxd2 12. Bxd2 Be7 13. a3 O-O 14. b4 a6
15. Bg5 Rfc8 16. Re3 h6 17. Bf4 Bf8 18. h4 Ne7 19. g4 Rc4 20. h5 Rac8 21. Nh4
Nc6 22. Rd3 Qd8 23. Nf3 Ne7 24. Nd2 Rc3 25. Nb3 b6 26. Qf3 Qc7 27. Kg2 Qc4 28.
Rxc3 Qxc3 29. Rc1 Qb2 30. Rxc8 Nxc8 31. Bc1 Qc2 32. g5 Ne7 33. gxh6 gxh6 34.
Qg3+ Bg7 35. Bf4 Nf5 36. Qh3 Qe4+ 0-1

[Event "Interclubs Adultes"]
[Site "CLICHY"]
[Date "15.??.??"]
[Round "8.7"]
[White "Capitaine, Adrien"]
[Black "Couche, Didier"]
[Result "1/2-1/2"]
[WhiteElo "2138"]
[BlackElo "2122"]
[PlyCount "100"]
[EventDate "15.??.??"]
[WhiteTeam "Guingamp"]
[BlackTeam "Cappelle la Grande"]

1. e4 e6 2. d3 d5 3. Nd2 Nf6 4. c3 Nc6 5. g3 dxe4 6. dxe4 e5 7. Bg2 a5 8. Ne2
Bc5 9. O-O Bg4 10. h3 Bh5 11. Kh2 Qd3 12. f3 O-O-O 13. Qe1 Bb6 14. b3 h6 15.
Nc4 Bc5 16. Nb2 Qd7 17. Na4 Bd6 18. a3 g5 19. b4 Bg6 20. Be3 Nh5 21. b5 Nb8 22.
c4 Qe6 23. Qxa5 b6 24. Qa8 Kd7 25. c5 bxc5 26. Bxc5 Ke7 27. Nec3 Kf6 28. Qb7
Kg7 29. Nd5 Rd7 30. Ne3 c6 31. Qa8 cxb5 32. Bxd6 Rxd6 33. Nc5 Qe7 34. Qa5 Nc6
35. Qxb5 Rb8 36. Qe2 Nd4 37. Qf2 Rdb6 38. Nd3 Rb3 39. Nd5 Qa7 40. Nxe5 Rb2 41.
Qg1 Nxg3 42. Rfd1 Nge2 43. Qf2 Nf4 44. Qxd4 Rxg2+ 45. Kh1 Qxd4 46. Rxd4 Rbb2
47. Nxf4 gxf4 48. Nd3 Rh2+ 49. Kg1 Rbg2+ 50. Kf1 Rd2 1/2-1/2

[Event "Interclubs Adultes"]
[Site "CLICHY"]
[Date "15.??.??"]
[Round "8.8"]
[White "Husson, Cybele"]
[Black "Le Diouron, Aurelie"]
[Result "1-0"]
[WhiteElo "2033"]
[BlackElo "2028"]
[PlyCount "53"]
[EventDate "15.??.??"]
[WhiteTeam "Cappelle la Grande"]
[BlackTeam "Guingamp"]

1. e4 e5 2. Nf3 Nc6 3. d4 exd4 4. Nxd4 Bc5 5. Be3 Qf6 6. c3 Qg6 7. Be2 Nxd4 8.
cxd4 Bb4+ 9. Nc3 Qxe4 10. O-O Bxc3 11. bxc3 d5 12. Re1 Be6 13. Bg5 Qg6 14. h4
Nf6 15. Bd3 Qh5 16. Qa4+ c6 17. Bf5 O-O 18. Bxf6 Bxf5 19. Be7 Rfe8 20. Qb4 Qg4
21. Re3 Rab8 22. Rae1 f6 23. Qd6 Qxh4 24. Bxf6 Qh5 25. Qg3 g5 26. Qc7 Qf7 27.
Rxe8+ 1-0

[Event "Interclubs Adultes"]
[Site "CLICHY"]
[Date "15.??.??"]
[Round "8.1"]
[White "Grigorov, Grigor"]
[Black "Krasenkow, Michal"]
[Result "1-0"]
[WhiteElo "2463"]
[BlackElo "2636"]
[PlyCount "77"]
[EventDate "15.??.??"]
[WhiteTeam "C.E. Nantes"]
[BlackTeam "Chalons en Champagne"]

1. d4 f5 2. g3 g6 3. Bg2 Nf6 4. Nf3 Bg7 5. O-O O-O 6. Nbd2 Nc6 7. Re1 d6 8. e4
fxe4 9. Nxe4 Nxe4 10. Rxe4 d5 11. Rh4 Bf5 12. c3 Bf6 13. Bg5 Be4 14. Bxf6 exf6
15. Nd2 Bxg2 16. Kxg2 Qd7 17. Rf4 Rae8 18. h4 Nd8 19. Rf3 Kg7 20. Nf1 Re4 21.
Re3 f5 22. Qd3 Rxe3 23. Qxe3 f4 24. Qe5+ Rf6 25. Re1 Nf7 26. Qe7 f3+ 27. Kh2
Qb5 28. Kg1 h5 29. Qxc7 Qxb2 30. Re8 Qa3 31. Qxb7 Rb6 32. Qxd5 Rb1 33. Qxf3
Qxa2 34. Re7 Rb6 35. Qd3 Rf6 36. Nd2 Kf8 37. Qe3 a5 38. c4 Rd6 39. Rc7 1-0

[Event "Interclubs Adultes"]
[Site "CLICHY"]
[Date "15.??.??"]
[Round "8.2"]
[White "Sebag, Marie"]
[Black "Marholev, Dimitar"]
[Result "1-0"]
[WhiteElo "2510"]
[BlackElo "2401"]
[PlyCount "85"]
[EventDate "15.??.??"]
[WhiteTeam "Chalons en Champagne"]
[BlackTeam "C.E. Nantes"]

1. e4 e5 2. Nf3 Nc6 3. Bb5 a6 4. Ba4 Nf6 5. O-O Be7 6. Re1 b5 7. Bb3 d6 8. c3
O-O 9. h3 Na5 10. Bc2 c5 11. d4 Qc7 12. Nbd2 cxd4 13. cxd4 Bb7 14. d5 Bc8 15.
Rb1 Bd7 16. b3 Nb7 17. b4 Rfc8 18. Bd3 g6 19. Nf1 Nh5 20. Be3 Nd8 21. g4 Ng7
22. Ng3 f6 23. Qe2 Qb7 24. Nd2 Nf7 25. Nb3 Bd8 26. Na5 Qb8 27. Rbc1 Rxc1 28.
Rxc1 Bb6 29. Nc6 Qb7 30. Bd2 Nd8 31. Na5 Qa7 32. Kg2 Ne8 $11 33. f4 exf4 34.
Bxf4 Nf7 35. Nc6 Qb7 36. h4 Kg7 37. g5 Bxc6 38. dxc6 Qe7 39. Qg4 Ra7 40. gxf6+
Nxf6 41. Nf5+ Kf8 42. Nxe7 Nxg4 43. Nc8 1-0

[Event "Interclubs Adultes"]
[Site "CLICHY"]
[Date "15.??.??"]
[Round "8.3"]
[White "Grill, Marc"]
[Black "Peralta, Fernando"]
[Result "0-1"]
[WhiteElo "2152"]
[BlackElo "2551"]
[PlyCount "42"]
[EventDate "15.??.??"]
[WhiteTeam "C.E. Nantes"]
[BlackTeam "Chalons en Champagne"]

1. e4 d6 2. d4 Nf6 3. Nc3 g6 4. Nf3 Bg7 5. h3 O-O 6. Be3 a6 7. a4 b6 8. e5 Nfd7
9. e6 fxe6 10. Bc4 Nf6 11. Ng5 d5 12. Bd3 c5 13. h4 Nc6 14. h5 cxd4 15. Bxd4
Nxd4 16. h6 Bh8 17. Bxg6 hxg6 18. h7+ Nxh7 19. Rxh7 e5 20. Qd3 Bf5 21. Qg3 Bf6
0-1

[Event "Interclubs Adultes"]
[Site "CLICHY"]
[Date "15.??.??"]
[Round "8.4"]
[White "Barsov, Alexei"]
[Black "Crouan, Stephane"]
[Result "1-0"]
[WhiteElo "2521"]
[BlackElo "2206"]
[PlyCount "57"]
[EventDate "15.??.??"]
[WhiteTeam "Chalons en Champagne"]
[BlackTeam "C.E. Nantes"]

1. d4 d5 2. c4 c6 3. Nf3 Nf6 4. e3 e6 5. Bd3 Nbd7 6. O-O Bd6 7. Nbd2 O-O 8. e4
Nxe4 9. Nxe4 dxe4 10. Bxe4 h6 11. Bc2 e5 12. c5 Bc7 13. Qd3 f5 14. Qc4+ Kh8 15.
dxe5 Nxe5 16. Nxe5 Bxe5 17. Bf4 Bxf4 18. Qxf4 Qf6 19. Rfe1 Be6 20. Re5 g5 21.
Qe3 Rfe8 22. Re1 Bf7 23. f4 Kg7 24. h4 gxf4 25. Qxf4 Rxe5 26. Rxe5 Be6 27. Kh2
Rf8 28. Re3 Qxb2 29. Rxe6 1-0

[Event "Interclubs Adultes"]
[Site "CLICHY"]
[Date "15.??.??"]
[Round "8.5"]
[White "Rihouay, Clement"]
[Black "Belkhodja, Slim"]
[Result "1/2-1/2"]
[WhiteElo "2186"]
[BlackElo "2478"]
[PlyCount "77"]
[EventDate "15.??.??"]
[WhiteTeam "C.E. Nantes"]
[BlackTeam "Chalons en Champagne"]

1. e4 c5 2. Nf3 Nc6 3. d4 cxd4 4. Nxd4 e5 5. Nb5 d6 6. Be3 a6 7. N5c3 Nf6 8.
Bg5 Be7 9. Bxf6 Bxf6 10. Nd5 Bg5 11. g3 O-O 12. Bg2 Ne7 13. Nbc3 Be6 14. Nxe7+
Qxe7 15. Nd5 Qd8 16. O-O Rc8 17. c3 Rc5 18. h4 Bh6 19. b4 Rc4 20. Qd3 Bxd5 21.
Qxd5 Qc7 22. Rad1 Rd8 23. Rd3 b5 24. a4 bxa4 25. Ra1 Rxc3 26. Rxa4 Rc1+ 27. Rd1
Qc3 28. Rxc1 Bxc1 29. Bf1 h5 30. Qc4 Qxc4 31. Bxc4 Rc8 32. Bxa6 Rc2 33. Bb7 Bb2
34. Ra2 Rc1+ 35. Kg2 Bd4 36. Bd5 g6 37. Ra6 Kg7 38. Rc6 Rxc6 39. Bxc6 1/2-1/2

[Event "Interclubs Adultes"]
[Site "CLICHY"]
[Date "15.??.??"]
[Round "8.6"]
[White "Cossin, Sebastien"]
[Black "Miraoui, Karim"]
[Result "1-0"]
[WhiteElo "2438"]
[BlackElo "2095"]
[PlyCount "49"]
[EventDate "15.??.??"]
[WhiteTeam "Chalons en Champagne"]
[BlackTeam "C.E. Nantes"]

1. d4 d5 2. c4 c6 3. Nf3 Nf6 4. Nc3 dxc4 5. a4 Bf5 6. e3 e6 7. Bxc4 Bb4 8. O-O
Nbd7 9. Qe2 Bg4 10. Rd1 Qa5 11. e4 e5 12. Be3 O-O 13. h3 Bxf3 14. Qxf3 exd4 15.
Bxd4 Ne5 16. Qg3 Rae8 17. Be2 Re6 18. f4 Ned7 19. e5 Bxc3 20. Bxc3 Qb6+ 21. Bd4
Ne4 22. Qd3 Nec5 23. Qa3 Rg6 24. b4 Rg3 25. Bf3 1-0

[Event "Interclubs Adultes"]
[Site "CLICHY"]
[Date "15.??.??"]
[Round "8.7"]
[White "Marchadour, Claire"]
[Black "Karim, Ismael"]
[Result "0-1"]
[WhiteElo "2053"]
[BlackElo "2366"]
[PlyCount "34"]
[EventDate "15.??.??"]
[WhiteTeam "C.E. Nantes"]
[BlackTeam "Chalons en Champagne"]

1. e4 g6 2. d4 Bg7 3. f4 d5 4. e5 Nh6 5. Nf3 Bg4 6. Be2 O-O 7. O-O e6 8. h3
Bxf3 9. Bxf3 f6 10. c4 c6 11. cxd5 cxd5 12. Qb3 Nc6 13. Be3 Nf5 14. Rd1 fxe5
15. fxe5 Qh4 16. Bg4 Ncxd4 17. Rxd4 Qe1+ 0-1

[Event "Interclubs Adultes"]
[Site "CLICHY"]
[Date "15.??.??"]
[Round "8.8"]
[White "Mancini, Mario"]
[Black "Martinez, Jean-Philippe"]
[Result "1-0"]
[WhiteElo "2225"]
[BlackElo "2066"]
[PlyCount "71"]
[EventDate "15.??.??"]
[WhiteTeam "Chalons en Champagne"]
[BlackTeam "C.E. Nantes"]

1. e4 c5 2. Nf3 Nc6 3. d4 cxd4 4. Nxd4 g6 5. c4 Bg7 6. Be3 Nf6 7. Nc3 O-O 8.
Be2 d6 9. O-O Nxd4 10. Bxd4 Bd7 11. Rc1 Bc6 12. f3 a5 13. b3 Nd7 14. Be3 Nc5
15. Qd2 Qb6 16. Nd5 Bxd5 17. exd5 Qb4 18. Rfd1 Qa3 19. Bf1 Na6 20. Qf2 Rfc8 21.
Rc2 a4 22. Rb1 axb3 23. Rxb3 Qa4 24. Rxb7 Bf6 25. Rd2 Nb4 26. c5 Nxd5 27. Bb5
Qb4 28. Rxd5 Qb1+ 29. Qf1 Qxa2 30. Rd2 Qe6 31. Bf2 Ra1 32. Rd1 Rca8 33. Bd7 Qe5
34. c6 Rxd1 35. Qxd1 Ra1 36. Rb1 1-0

[Event "Interclubs Adultes"]
[Site "CLICHY"]
[Date "15.??.??"]
[Round "8.1"]
[White "Murey, Jacob"]
[Black "Rainfray, Arnaud"]
[Result "1-0"]
[WhiteElo "2411"]
[BlackElo "2406"]
[PlyCount "125"]
[EventDate "15.??.??"]
[WhiteTeam "Chess XV"]
[BlackTeam "Clichy II"]

1. c4 e6 2. g3 d5 3. Bg2 Nf6 4. Nf3 Be7 5. O-O O-O 6. d3 c5 7. Bf4 Nc6 8. Ne5
Nxe5 9. Bxe5 Ng4 10. Bc3 d4 11. Bd2 Rb8 12. Na3 a6 13. Rb1 b5 14. cxb5 axb5 15.
b4 Bd7 16. Qb3 Qb6 17. bxc5 Bxc5 18. Bb4 Rfc8 19. Rfc1 e5 20. Bxc5 Rxc5 21.
Rxc5 Qxc5 22. Qb4 Rc8 23. Bf3 h5 24. Nxb5 Qxb4 25. Rxb4 Rc1+ 26. Kg2 Ra1 27.
Nd6 Be6 28. a4 Kf8 29. Nb7 Nf6 30. Nc5 Bf5 31. h4 Nd7 32. Nb3 Ra3 33. Na5 g6
34. Nc6 f6 35. a5 Nc5 36. Rb5 Na6 37. Rb6 Nc5 38. Rb8+ Kf7 39. Ra8 Bd7 40. Ra7
Kf8 41. Nb4 f5 42. Bd5 Ke7 43. Bc6 Rb3 44. Bxd7 Nxd7 45. Rb7 Kd6 46. a6 Ra3 47.
Kf3 Ra4 48. a7 Ra1 49. e3 e4+ 50. Kf4 dxe3 51. fxe3 exd3 52. Nxd3 Kc6 53. Rb8
Rxa7 54. Rg8 Ra4+ 55. Kg5 Rg4+ 56. Kh6 Kd5 57. Rd8 Rxg3 58. Rxd7+ Ke4 59. Nf4
Rxe3 60. Nxg6 f4 61. Re7+ Kd4 62. Rf7 f3 63. Kxh5 1-0

[Event "Interclubs Adultes"]
[Site "CLICHY"]
[Date "15.??.??"]
[Round "8.2"]
[White "Delorme, Axel"]
[Black "Steimer, Michel"]
[Result "1/2-1/2"]
[WhiteElo "2366"]
[BlackElo "2165"]
[PlyCount "57"]
[EventDate "15.??.??"]
[WhiteTeam "Clichy II"]
[BlackTeam "Chess XV"]

1. e4 e5 2. Nf3 Nc6 3. Bb5 a6 4. Ba4 Nf6 5. O-O b5 6. Bb3 Bc5 7. c3 Bb6 8. d4
d6 9. Bg5 h6 10. Bh4 O-O 11. a4 Rb8 12. Na3 Bg4 13. d5 Na5 14. Bc2 bxa4 15. h3
Bd7 16. Nd2 g5 17. Bg3 Nb3 18. Nxb3 axb3 19. Bd3 Bc5 20. Nc4 Qc8 21. Na5 c6 22.
dxc6 Bxc6 23. Nxc6 Qxc6 24. Rxa6 Qb7 25. Qf3 Qe7 26. Bc4 Rfc8 27. h4 Kg7 28.
hxg5 hxg5 29. Qf5 1/2-1/2

[Event "Interclubs Adultes"]
[Site "CLICHY"]
[Date "15.??.??"]
[Round "8.4"]
[White "Sorbe, Stephane"]
[Black "Roman, Dimitri"]
[Result "1-0"]
[WhiteElo "2321"]
[BlackElo "2091"]
[PlyCount "83"]
[EventDate "15.??.??"]
[WhiteTeam "Clichy II"]
[BlackTeam "Chess XV"]

1. e4 e5 2. Nf3 Nc6 3. Bc4 Nf6 4. Ng5 d5 5. exd5 Na5 6. Bb5+ c6 7. dxc6 bxc6 8.
Be2 h6 9. Nf3 e4 10. Ne5 Qd4 11. f4 Bc5 12. Rf1 Bd6 13. c3 Qb6 14. Qa4 O-O 15.
b4 Nb7 16. Qxc6 Qxc6 17. Nxc6 Bd7 18. Nd4 a5 19. b5 Nd5 20. g3 Rfe8 21. Ba3
Rac8 22. Kd1 e3 23. Bf3 Bxa3 24. Nxa3 Nxc3+ 25. dxc3 Rxc3 26. Nac2 Nc5 27. Re1
Rd3+ 28. Kc1 Rc8 29. Bc6 Bxc6 30. Nxc6 Re8 31. Ne5 Rc3 32. Rxe3 Rxe3 33. Nxe3
f6 34. N5c4 Nd3+ 35. Kc2 Nb4+ 36. Kb3 Nd3 37. Rd1 Nc5+ 38. Kc2 Re4 39. b6 Re7
40. Rd5 Nb7 41. Kd2 a4 42. Nd6 1-0

[Event "Interclubs Adultes"]
[Site "CLICHY"]
[Date "15.??.??"]
[Round "8.5"]
[White "Reilhac, Philippe"]
[Black "Beudaert, Xavier"]
[Result "1-0"]
[WhiteElo "2079"]
[BlackElo "2345"]
[PlyCount "51"]
[EventDate "15.??.??"]
[WhiteTeam "Chess XV"]
[BlackTeam "Clichy II"]

1. e4 Nf6 2. Nc3 d5 3. e5 Nfd7 4. d4 c5 5. f4 cxd4 6. Nce2 Nc6 7. Nxd4 Qb6 8.
Ngf3 Nc5 9. c3 Bg4 10. Bb5 a6 11. Bxc6+ bxc6 12. b4 Ne4 13. Qd3 e6 14. Rb1 Bf5
15. Qe3 Nxc3 16. Rb3 Nxa2 17. Bd2 Bg4 18. O-O Bxf3 19. Rxf3 Nxb4 20. f5 Bc5 21.
Rxb4 Bxb4 22. Bxb4 Qxb4 23. fxe6 O-O 24. Nxc6 Qe4 25. Qc5 fxe6 26. Qxf8+ 1-0

[Event "Interclubs Adultes"]
[Site "CLICHY"]
[Date "15.??.??"]
[Round "8.6"]
[White "Lagarde, Maxime"]
[Black "Almazan, Jerome"]
[Result "1-0"]
[WhiteElo "2268"]
[BlackElo "1950"]
[PlyCount "41"]
[EventDate "15.??.??"]
[WhiteTeam "Clichy II"]
[BlackTeam "Chess XV"]

1. e4 e6 2. d4 d5 3. Nc3 Nf6 4. Bg5 dxe4 5. Nxe4 Be7 6. Bxf6 Bxf6 7. Nf3 O-O 8.
Qd2 Nd7 9. O-O-O b6 10. Bd3 Be7 11. h4 Bb7 12. Qe2 Nf6 13. Nxf6+ Bxf6 14. Bxh7+
Kxh7 15. Ng5+ Kh6 16. d5 e5 17. g4 Bxg5+ 18. hxg5+ Kg6 19. Qe4+ f5 20. gxf6+
Kxf6 21. Qf5+ 1-0

[Event "Interclubs Adultes"]
[Site "CLICHY"]
[Date "15.??.??"]
[Round "8.7"]
[White "Bourogaa, Younes"]
[Black "Daurelle, Herve"]
[Result "0-1"]
[WhiteElo "1895"]
[BlackElo "2242"]
[PlyCount "71"]
[EventDate "15.??.??"]
[WhiteTeam "Chess XV"]
[BlackTeam "Clichy II"]

1. d4 Nf6 2. c4 e6 3. Nc3 Bb4 4. Qc2 O-O 5. Nf3 b6 6. e3 Bb7 7. Bd3 d5 8. O-O
dxc4 9. Bxc4 Nbd7 10. a3 Bxc3 11. bxc3 c5 12. Bd3 Qc7 13. Ng5 h6 14. Nh7 Nxh7
15. Bxh7+ Kh8 16. Be4 Rac8 17. Bxb7 Qxb7 18. Qb2 e5 19. Rd1 Rfe8 20. d5 e4 21.
c4 Ne5 22. Qe2 Qa6 23. Bb2 Qxc4 24. Qh5 f6 25. d6 Rcd8 26. Rd2 Qf7 27. Qxf7
Nxf7 28. d7 Re7 29. Rad1 Ng5 30. a4 Ne6 31. a5 Nf8 32. axb6 axb6 33. f3 exf3
34. gxf3 Rexd7 35. Rxd7 Rxd7 36. Ra1 0-1

[Event "Interclubs Adultes"]
[Site "CLICHY"]
[Date "15.??.??"]
[Round "8.8"]
[White "Marchadour, Emilie"]
[Black "Allaf, Alice"]
[Result "1-0"]
[WhiteElo "2121"]
[BlackElo "1499"]
[PlyCount "41"]
[EventDate "15.??.??"]
[WhiteTeam "Clichy II"]
[BlackTeam "Chess XV"]

1. e4 e5 2. Nf3 d6 3. d4 exd4 4. Nxd4 Nf6 5. Nc3 Be7 6. Bd3 Bd7 7. O-O O-O 8.
f4 c5 9. Nf3 Nc6 10. e5 dxe5 11. fxe5 Ne8 12. Nd5 b6 13. Nxe7+ Nxe7 14. Ng5 f5
15. Bc4+ Kh8 16. Nxh7 Ng6 17. Qh5 Qh4 18. Qxh4 Nxh4 19. Nxf8 Bc6 20. Rf4 Nxg2
21. Rxf5 1-0

[Event "Interclubs Adultes"]
[Site "CLICHY"]
[Date "15.??.??"]
[Round "8.1"]
[White "Solodovnichenko, Yuri"]
[Black "Tirard, Hugo"]
[Result "1-0"]
[WhiteElo "2541"]
[BlackElo "2490"]
[PlyCount "85"]
[EventDate "15.??.??"]
[WhiteTeam "Niort"]
[BlackTeam "Deauville"]

1. e4 c5 2. Nc3 Nc6 3. Nf3 Nf6 4. Bb5 g6 5. Bxc6 dxc6 6. h3 Bg7 7. d3 Nd7 8.
Be3 e5 9. Qd2 h6 10. O-O Qe7 11. Nh2 Nf8 12. f4 exf4 13. Bxf4 Ne6 14. Bg3 Nd4
15. Rae1 Be6 16. Nd1 Rd8 17. Ne3 O-O 18. c3 Nb5 19. Nf5 gxf5 20. exf5 Qg5 21.
Qxg5 hxg5 22. fxe6 Rxd3 23. Rf3 c4 24. a4 Nxc3 25. exf7+ Rxf7 26. Re8+ Rf8 27.
Rexf8+ Bxf8 28. bxc3 b5 29. axb5 cxb5 30. Rxd3 cxd3 31. Kf2 Bg7 32. Ke3 Bxc3
33. Kxd3 Bf6 34. Ng4 Be7 35. Nh6+ Kf8 36. Nf5 Bf6 37. Nd4 a6 38. Ne6+ Kf7 39.
Nc7 Kg6 40. Nxa6 g4 41. h4 Kh5 42. Ke4 Be7 43. Be1 1-0

[Event "Interclubs Adultes"]
[Site "CLICHY"]
[Date "15.??.??"]
[Round "8.2"]
[White "Greet, Andrew N"]
[Black "Stets, Dmitry"]
[Result "1-0"]
[WhiteElo "2444"]
[BlackElo "2427"]
[PlyCount "73"]
[EventDate "15.??.??"]
[WhiteTeam "Deauville"]
[BlackTeam "Niort"]

1. e4 c5 2. Nf3 d6 3. Bb5+ Nd7 4. d4 Ngf6 5. Nc3 a6 6. Bxd7+ Nxd7 7. O-O e6 8.
Bg5 Qc7 9. d5 e5 10. a4 g6 11. Nd2 Bg7 12. Nc4 Nb6 13. Nxb6 Qxb6 14. a5 Qc7 15.
Qd2 f5 16. f3 Bd7 17. Na4 Bxa4 18. Rxa4 O-O 19. Rc4 fxe4 20. Rxe4 c4 21. Be3
Rac8 22. Qb4 Bf6 23. c3 Bd8 24. Ra1 g5 25. Ra4 h5 26. Rxc4 Qxc4 27. Qxc4 Rxc4
28. Rxc4 Bxa5 29. Bxg5 Bb6+ 30. Kf1 Rf7 31. Ke2 Kg7 32. Rc8 Kg6 33. Be3 Bxe3
34. Kxe3 Rg7 35. Rd8 h4 36. g3 hxg3 37. hxg3 1-0

[Event "Interclubs Adultes"]
[Site "CLICHY"]
[Date "15.??.??"]
[Round "8.3"]
[White "David, Vincent"]
[Black "Sandalakis, Angelos"]
[Result "1-0"]
[WhiteElo "2398"]
[BlackElo "2363"]
[PlyCount "89"]
[EventDate "15.??.??"]
[WhiteTeam "Niort"]
[BlackTeam "Deauville"]

1. d4 Nf6 2. c4 c5 3. Nf3 cxd4 4. Nxd4 e5 5. Nb5 d5 6. cxd5 Bc5 7. N5c3 O-O 8.
g3 Qb6 9. e3 Bg4 10. Be2 Bh3 11. Rg1 Bf5 12. a3 Rd8 13. Nd2 e4 14. Nc4 Qc7 15.
b4 Bf8 16. Qb3 Nxd5 17. Nb5 Qd7 18. Nd4 Bg6 19. h4 f6 20. Bb2 Nc6 21. Nxc6 bxc6
22. h5 Bf7 23. Qc2 Qe6 24. g4 h6 25. Kf1 Rd7 26. Rc1 c5 27. b5 Rad8 28. Na5 Rd6
29. Nb7 Re8 30. Nxd6 Qxd6 31. Kg2 Qe6 32. Rh1 f5 33. gxf5 Qxf5 34. Rcg1 Bd6 35.
Qd2 Rf8 36. Kf1 Be5 37. Bxe5 Qxe5 38. Rg3 Qa1+ 39. Kg2 Qxa3 40. Bc4 Rd8 41. Qc2
Qb4 42. Rc1 Bxh5 43. Qxe4 Bf7 44. Qe5 g5 45. Rxg5+ 1-0

[Event "Interclubs Adultes"]
[Site "CLICHY"]
[Date "15.??.??"]
[Round "8.4"]
[White "Colin, Vincent"]
[Black "Tranchant, Sebastien"]
[Result "1/2-1/2"]
[WhiteElo "2396"]
[BlackElo "2247"]
[PlyCount "93"]
[EventDate "15.??.??"]
[WhiteTeam "Deauville"]
[BlackTeam "Niort"]

1. d4 Nf6 2. c4 c5 3. d5 e6 4. Nc3 exd5 5. cxd5 d6 6. e4 g6 7. f4 Bg7 8. Nf3
O-O 9. Be2 Bg4 10. O-O Nbd7 11. h3 Bxf3 12. Bxf3 Rb8 13. Be3 Ne8 14. Rc1 Qa5
15. Qc2 b5 16. b3 Nc7 17. Ne2 Rfe8 18. Bf2 Na6 19. Nc3 Nb4 20. Qd2 Nxa2 21.
Qxa2 Bxc3 22. Qxa5 Bxa5 23. Ra1 Bb6 24. b4 cxb4 25. Bxb6 Rxb6 26. Rxa7 Nc5 27.
e5 dxe5 28. fxe5 Rxe5 29. Rc7 Na6 30. Rc6 Rxc6 31. dxc6 b3 32. Rb1 Re3 33. Bd5
Rc3 34. Rxb3 Rxb3 35. Bxb3 Kf8 36. h4 Ke7 37. Kf2 f6 38. g4 Nc5 39. Bc2 Kd6 40.
Ke3 Kxc6 41. h5 Ne6 42. hxg6 hxg6 43. Bxg6 Kc5 44. Ke4 Nd4 45. Bf7 Nc6 46. Kf5
Ne5 47. Be6 1/2-1/2

[Event "Interclubs Adultes"]
[Site "CLICHY"]
[Date "15.??.??"]
[Round "8.5"]
[White "Demuth, Adrien"]
[Black "Geenen, Marc"]
[Result "1/2-1/2"]
[WhiteElo "2249"]
[BlackElo "2310"]
[PlyCount "44"]
[EventDate "15.??.??"]
[WhiteTeam "Niort"]
[BlackTeam "Deauville"]

1. d4 Nf6 2. c4 g6 3. Nc3 Bg7 4. e4 d6 5. Nf3 O-O 6. Be2 e5 7. O-O Na6 8. Re1
c6 9. Rb1 exd4 10. Nxd4 Re8 11. f3 Nh5 12. Be3 f5 13. Qd2 f4 14. Bf2 Be5 15.
Nc2 Qf6 16. Bd4 Ng7 17. Red1 Ne6 18. Bxe5 dxe5 19. Bf1 Nac7 20. Qf2 a5 21. Rd6
Qe7 22. Rbd1 c5 1/2-1/2

[Event "Interclubs Adultes"]
[Site "CLICHY"]
[Date "15.??.??"]
[Round "8.7"]
[White "Voisembert, Alain"]
[Black "Amoyal, Pierre"]
[Result "1-0"]
[WhiteElo "2118"]
[BlackElo "2208"]
[PlyCount "87"]
[EventDate "15.??.??"]
[WhiteTeam "Niort"]
[BlackTeam "Deauville"]

1. e4 c5 2. Nf3 d6 3. e5 dxe5 4. Nxe5 Nf6 5. Nc3 a6 6. Be2 Qd4 7. Nf3 Qd6 8. d4
cxd4 9. Qxd4 Qxd4 10. Nxd4 e5 11. Nf3 Nc6 12. O-O Bb4 13. Bd2 O-O 14. a3 Bc5
15. Bg5 Bf5 16. Bxf6 gxf6 17. Nd5 Kg7 18. b4 Ba7 19. c4 Rfd8 20. Rfd1 Nd4 21.
Kf1 Be4 22. Ne3 Kg6 23. Ra2 Bxf3 24. Bxf3 Nxf3 25. gxf3 Rxd1+ 26. Nxd1 Rc8 27.
Rc2 Bd4 28. Ne3 Kg5 29. c5 f5 30. Nc4 Kf4 31. Ke2 Rg8 32. Ne3 Rg6 33. a4 Rc6
34. Rc4 Kg5 35. Nc2 a5 36. Nxd4 exd4 37. b5 Rc7 38. c6 bxc6 39. bxc6 Kf6 40.
Kd3 Ke5 41. Rc5+ Kd6 42. Kxd4 Rxc6 43. Rxf5 Ke6 44. Rxa5 1-0

[Event "Interclubs Adultes"]
[Site "CLICHY"]
[Date "15.??.??"]
[Round "8.8"]
[White "Fruteau, Sabine"]
[Black "Marchais, Aurelie"]
[Result "1-0"]
[WhiteElo "2162"]
[BlackElo "1784"]
[PlyCount "51"]
[EventDate "15.??.??"]
[WhiteTeam "Deauville"]
[BlackTeam "Niort"]

1. e4 c6 2. d4 d5 3. e5 Bf5 4. Ne2 e6 5. Ng3 Bg6 6. h4 h6 7. h5 Bh7 8. Bd3 Bxd3
9. Qxd3 Nd7 10. O-O c5 11. c3 Ne7 12. Nd2 Nc6 13. Nf3 cxd4 14. cxd4 Be7 15. Ne2
Qb6 16. Kh1 O-O-O 17. a3 f6 18. exf6 gxf6 19. Nf4 Nf8 20. Re1 Rd6 21. Bd2 Kd7
22. b4 f5 23. b5 Na5 24. Bb4 Nc4 25. Bxd6 Bxd6 26. Nxd5 1-0